00430nam a2200157Ia 450000500170000000800410001704000190005804100120007708200150008910000190010424500600012326000350018330000090021865000350022785000100026220230210101411.0131103s9999 xx 000 0 und d aLoreto College aEnglish a820.9bDAI aDaiches, David 2aA critical history of english literaturecDavid Daiches aLondonbSecker & Warburgc1968 a4v.  aEnglish literature - Criticism aLCLIB